=LDR 00000nam 2200000 4500 =001 NUTBA000000000005831 =990 ##$$a 21416909 =005 20200911095829 =990 ##$$a 21416908 =035 ##$$a 0010-111400000000310 =990 ##$$a 21416910 =008 200911################g##########0#ind## =990 ##$$a 21416911 =040 ##$$a NBPDMAT =990 ##$$a 21416099 =090 ##$$a 363.738 74 $b Glo g =990 ##$$a 21304779 =245 ##$$a Global warming dan kesepakatan internasional mengenai lingkungan /$c Penyunting, Bachtiar DM, Ulfah Hidayati, Rizka Maghfur =990 ##$$a 21304783 =260 ##$$a Jakarta :$b Citra Unggul Laksana,$c 2011 =990 ##$$a 21304782 =300 ##$$a 48 hlm. : $b ilus. ; $c 20 x 14 cm. =990 ##$$a 21304781 =500 ##$$a Bibliografi : hlm. 48 =990 ##$$a 21304780 =650 #4$$a Lingkungan =700 #$$a Bachtiar DM =700 #$$a Ulfah Hidayat =700 #$$a Rizka Maghfur =850 ##$$a NBPDMAT =082 ##$$a 304.2 =084 ##$$a 304.2 GLO g =250 ##$$a cet.2 =990 ##$$a 21416907 =990 ##$$a 21416908 =990 ##$$a 21416909 =990 ##$$a 21416910 =990 ##$$a 21416911 =990 ##$$a 21416099 =990 ##$$a 21304779 =990 ##$$a 21304783 =990 ##$$a 21304782 =990 ##$$a 21304781 =990 ##$$a 04340434 =990 ##$$a 21304780 =990 ##$$a 21416907 =990 ##$$a 21416908 =990 ##$$a 21416909 =990 ##$$a 21416910 =990 ##$$a 21416911 =990 ##$$a 21416099 =990 ##$$a 21304779 =990 ##$$a 21304783 =990 ##$$a 21304782 =990 ##$$a 21304781